00811nam a2200193 a 4500008004100000020001800041050001900059100001800078245012100096260002800217300002100245350000900266650001000275650002500285650004300310995010900353999001700462952013800479100119s2007 ||||||||||||||||| || u a9781844073962 aS 494.5.W3 Wat aMolden, David10aWater for food water for life: a comprehensive assessment of water management in agriculturecedited by David Molden aLondonbEarthscanc2007 axvii, 645p.: ill a0.00 aWATER aWATER IN AGRICULTURE aWATER-SUPPLY, AGRICULTURAL--MANAGEMENT D0.00FCBU-MAIN LIBRARY (Kitwe)H1I0.00M2UAVAILABLEWMar 10, 2010ZMain Library Open Access Collection c78404d78404 00102lcc4070a001b001cMain Library Open Access Collectiond2023-05-16l0oS 494.5.W3 Watp740578r2023-05-16t1w2023-05-16y002